| 000 | 00986cam a2200241Ia 4500 | ||
|---|---|---|---|
| 008 | |||
| 020 | _a0852987315 (pbk.) | ||
| 049 | _aMAIN | ||
| 090 | _aTJ400 SMA | ||
| 245 | 0 | 0 | _aSmall scale basic steam plant. |
| 260 |
_aLondon: _bPublished by Mechanical Engineering Publications Limited for the Institution of Mechanical Engineers, _c1990 |
||
| 300 |
_a102 p. : _bill. ; _c30 cm. |
||
| 500 | _a"Papers presented at a seminar organized by the Steam Plant Committee of the Power Industries Division of the Institution of Mechanical Engineers and held ... 22 March 1990." | ||
| 504 | _aIncludes bibliographical references. | ||
| 650 | 0 |
_aSteam power-plants _vCongresses. |
|
| 650 | 0 |
_aSteam-boilers _vCongresses. |
|
| 710 | 2 |
_aInstitution of Mechanical Engineers (Great Britain). _bSteam Plant Committee. |
|
| 907 |
_a.b10067905 _b18-01-07 _c17-04-03 |
||
| 003 | |||
| 005 | 20230123133531.0 | ||
| 040 | _cNUST | ||
| 942 |
_cBOOKS _kTJ400 SMA |
||
| 999 |
_c150246 _d150246 |
||